A-Z Characters: Game of Thrones Quiz Stats

 Plays Quiz Updated Apr 25, 2019

Score 0/24 Timer 05:00
1 Play Today
A-Z Character % Correct
AArya Stark
98.9%
BBran Stark
98%
CCersei Lannister
95.4%
HHodor
95.4%
SSansa Stark
94.5%
TTyrion Lannister
93.1%
EEddard Stark
92.4%
DDaenerys Targaryen
91.7%
NThe Night King
91.7%
JJaime Lannister
90.5%
RRobert Baratheon
88.6%
PPodrick Payne
86.9%
A-Z Character % Correct
VVarys
84%
YYgritte
80.8%
GGregor Clegane
80.7%
MMelisandre
78.9%
WWalder Frey
77.2%
OOlenna Tyrell
68.5%
LLoras Tyrell
68.4%
QQyburn
62.2%
IIlyn Payne
54.6%
KKevan Lannister
47.5%
XXaro Xhoan Daxos
35.5%
UUnella
26.8%

You're not logged in!

Compare scores with friends on all Sporcle quizzes.
OR
Log In

Sporcle TV

Today on Sporcle TV


Watch our educational content, quiz creation guides, and fun videos on Sporcle TV.

Show Comments

Extras

Top Quizzes Today


Score Distribution

Your Account Isn't Verified!

In order to create a playlist on Sporcle, you need to verify the email address you used during registration. Go to your Sporcle Settings to finish the process.

Report this User

Report this user for behavior that violates our Community Guidelines.

Details: